000 01119nam0a22002771 4500
001 RU\NLR\INFOCOMM_161\5000058756
005 20260406110508.0
035 _a(NLR Aleph) 009158337
090 _a8438175
_c8438175
100 _a20100129d1964 |||y0rusy50 ca
101 1 _afre
_crus
102 _aRU
105 _ay ||||000|y
200 1 _aLe 47-e anniversaire de la Grande révolution socialiste d'Octobre
_fLe rapport du camarade L. Brejnev présenté à la réunion solennelle tenue le 6 nov. 1964 ...
210 _a[Μ.]
_cÉd. de l'Agence de presse "Novosti"
_d1964
215 _a28 с.
_d20 см
300 _aНа обл. авт. не указан
300 _aВ вып. дан.: Л. И. Брежнев. 47 годовщина Великой Октябрьской социалистической революции
686 _aИр4870
_2rubbk
700 1 _4070
_8rus
_7ca
_aBrežnev
_bL. I.
_f1906-1982
_gLeonid Il'ič
_3RU\NLR\AUTH\77109814
_992739
790 1 _9z02700
_aBrejnev
_bL.
_4070
801 1 _aRU
_bNLR
_c20100129
801 0 _aRU
_bNLR
_gPSBO
852 _aNLR
_jИр51 Г-4/557
942 _cBOOK
980 _aNB